000 00510nam a2200181Ia 4500
003 GCL
008 140319s9999 xx 000 0 eng d
040 _aGCL /
_cGCL
082 0 4 _a909
_bS W
100 1 _aSRICHARD, JAMES COWLES
245 1 0 _aWORLD CIVILIZATIONS: RACES, TRIBES AND CULTURES /
_cSRICHARD, JAMES COWLES
260 _a[S.N] :
_bARYAN BOOKS INTERNATIONAL ،
_c1996
650 0 4 _aCIVILIZATION
650 0 4 _aHISTORY
650 0 4 _aWORLD HISTORY
650 0 4 _aWORLD CIVILIZAION
942 _2ddc
_cBK
999 _c13789
_d13789